The Social Welfare Forum, 1967, 94th Annual Forum Dallas; 1967 (Record no. 1447958)

MARC details
000 -LEADER
fixed length control field 00575nam a2200169Ia 4500
005 - DATE AND TIME OF LATEST TRANSACTION
control field 20250923145150.0
008 - FIXED-LENGTH DATA ELEMENTS--GENERAL INFORMATION
fixed length control field 008 250917s9999 xx 000 0 eng d
037 ## - SOURCE OF ACQUISITION
Stock number Textual
040 ## - CATALOGING SOURCE
Original cataloging agency DSWL
Language of cataloging eng
Transcribing agency DSWL
041 ## - LANGUAGE CODE
Language code of text/sound track or separate title eng
Source of code eng
084 ## - COLON CLASSIFICATION NUMBER
Classification number YXp73,M74, N67
Assigning agency DSWL
245 #4 - TITLE STATEMENT
Title The Social Welfare Forum, 1967, 94th Annual Forum Dallas; 1967
Statement of responsibility, etc. by National Conference of Social Welfare
260 ## - PUBLICATION, DISTRIBUTION, ETC.
Place of publication, distribution, etc. New York
Name of publisher, distributor, etc. National Conference of Social Welfare
Date of publication, distribution, etc. 1967
300 ## - PHYSICAL DESCRIPTION
Extent xii,159p.
942 ## - ADDED ENTRY ELEMENTS (KOHA)
Koha item type Textual
Classification part YXp73,M74, N67
Holdings
Withdrawn status Lost status Damaged status Not for loan Home library Current library Date acquired Inventory number Total Checkouts Full call number Barcode Date last seen Price effective from Koha item type
        Department of Social Work Library Department of Social Work Library 2025-09-23 Gift   YXp73,M74, N67 SW0013762 2025-09-23 2025-09-23 Textual
Copyright @ Delhi University Library System